In treue Fest! (Record no. 6790)

MARC details
000 -CABECERA
campo de control de longitud fija 00962nam a2200241 a 4500
001 - NÚMERO DE CONTROL
campo de control BRCA_7109
005 - FECHA Y HORA DE LA ÚLTIMA TRANSACCIÓN
campo de control 20190321142923.0
008 - DATOS DE LONGITUD FIJA--INFORMACIÓN GENERAL
campo de control de longitud fija 281211s1900----gw-a######---#000-0#ger-#
041 ## - CÓDIGO DE LENGUA
Código de lengua del texto/banda sonora o título independiente ger
044 ## - CÓDIGO DEL PAÍS DE LA ENTIDAD EDITORA/PRODUCTORA
Código MARC del país gw
050 #4 - SIGNATURA TOPOGRÁFICA DE LA BIBLIOTECA DEL CONGRESO
Número de documento/Ítem .E75 1900
100 1# - ENTRADA PRINCIPAL--NOMBRE DE PERSONA
Nombre de persona Erler, Johannes
9 (RLIN) 17674
245 10 - MENCIÓN DE TÍTULO
Título In treue Fest!
Resto del título gesammelte Briefe aus großer ernster Zeit
Mención de responsabilidad, etc. von Johannes Erler und Meine Erlebnisse an der Westfront : wahrheitsgetreue Schilderungen aus den Schlachten, Kämpfe an der Aisne, vom 22. Okt. 1914 bis 27. Dez. 1914 ... / von Eugen Pickartz.
260 ## - PUBLICACIÓN, DISTRIBUCIÓN, ETC.
Lugar de publicación, distribución, etc. [S.l.
Nombre del editor, distribuidor, etc. s.n.
Fecha de publicación, distribución, etc. 19--]
300 ## - DESCRIPCIÓN FÍSICA
Extensión 100 p.
Otras características físicas il.
Dimensiones 19 cm.
500 ## - NOTA GENERAL
Nota general O124
650 14 - PUNTO DE ACCESO ADICIONAL DE MATERIA--TÉRMINO DE MATERIA
Término de materia o nombre geográfico como elemento de entrada Primera Guerra Mundial
Subdivisión general Relatos personales
Subdivisión cronológica 1914-1918
Subdivisión geográfica Alemania
9 (RLIN) 17675
650 14 - PUNTO DE ACCESO ADICIONAL DE MATERIA--TÉRMINO DE MATERIA
Término de materia o nombre geográfico como elemento de entrada Primera Guerra Mundial
Subdivisión general Relatos personales
Subdivisión cronológica 1914-1918
Subdivisión geográfica Estados Unidos
9 (RLIN) 17676
650 14 - PUNTO DE ACCESO ADICIONAL DE MATERIA--TÉRMINO DE MATERIA
Término de materia o nombre geográfico como elemento de entrada Primera Guerra Mundial
Subdivisión general Campañas
Subdivisión cronológica 1914-1918
Subdivisión geográfica Francia
9 (RLIN) 17677
700 1# - PUNTO DE ACCESO ADICIONAL--NOMBRE DE PERSONA
Nombre de persona Pickartz, Eugen
9 (RLIN) 17678
902 ## - CATALOGADOR
Iniciales GFM
942 ## - ELEMENTOS DE PUNTO DE ACCESO ADICIONAL (KOHA)
Fuente del sistema de clasificación o colocación Library of Congress Classification
Tipo de ítem Koha Libros
Holdings
Estado de retiro Estado de pérdida Estado dañado No para préstamo Localización permanente Ubicación/localización actual Fecha de adquisición Número de inventario Total de préstamos Signatura topográfica completa Código de barras Fecha visto por última vez Precio válido a partir de Tipo de ítem Koha
El ejemplar forma parte de la colección y puede ser consultado según las políticas vigentes.       Biblioteca del Museo Franz Mayer (Rogerio Casas-Alatriste) Biblioteca del Museo Franz Mayer (Rogerio Casas-Alatriste) 28/12/2011 O124   .E75 1900 (O124) 7556 22/03/2019 22/03/2019 Libros